Las penas personales, su aplicación práctica segun el Código Penal y las sentencias del Tribunal Supremo / (Record no. 163844)

MARC details
000 -LEADER
campo de control de longitud fija 00881nam a2200205 i 4500
001 - NÚMERO DE CONTROL
campo de control 163844
003 - IDENTIFICADOR DE NÚMERO DE CONTROL
campo de control ES-MaACL
005 - FECHA Y HORA DE LA ÚLTIMA TRANSACCIÓN
campo de control 20250809035228.0
008 - DATOS DE LONGITUD FIJA--INFORMACIÓN GENERAL
campo de control de longitud fija 980624s1878 sp |||| | spa d
080 ## - NÚMERO DE LA CLASIFICACIÓN DECIMAL UNIVERSAL
Número de la Clasificación Decimal Universal 343.24(460)
080 ## - NÚMERO DE LA CLASIFICACIÓN DECIMAL UNIVERSAL
Número de la Clasificación Decimal Universal 343(460)
100 1# - ENTRADA PRINCIPAL--NOMBRE DE PERSONA
Nombre de persona Rodriguez y Domingo, José B.
9 (RLIN) 131932
245 14 - MENCIÓN DEL TÍTULO
Título Las penas personales, su aplicación práctica segun el Código Penal y las sentencias del Tribunal Supremo /
Mención de responsabilidad, etc. por José B. Rodríguez y Domingo.
260 ## - PUBLICACIÓN, DISTRIBUCIÓN, ETC.
Lugar de publicación, distribución, etc. Madrid :
Nombre del editor, distribuidor, etc. [s.n.],
Fecha de publicación, distribución, etc. 1878 (
Fabricante Imp. de la Compañía de Impresores y Libreros, a cargo de A. Avrial)
300 ## - DESCRIPCIÓN FÍSICA
Extensión 196 p. ;
Dimensiones 22 cm.
650 04 - PUNTO DE ACCESO ADICIONAL DE MATERIA--TÉRMINO DE MATERIA
Término de materia o nombre geográfico como elemento de entrada Penas-
Subdivisión geográfica España.
9 (RLIN) 15918
650 04 - PUNTO DE ACCESO ADICIONAL DE MATERIA--TÉRMINO DE MATERIA
Término de materia o nombre geográfico como elemento de entrada Derecho penal-
Subdivisión geográfica España
9 (RLIN) 11752
852 ## - LOCALIZACIÓN
Ubicación ES-MaACL
Número de control de estantería D-260(3)
Nota libre .- Enc. en un vol. facticio, formando parte de la col. facticia "Estudios penitenciarios", n. 6
-- .- Donativo Lastres
Holdings
Estatus retirado Estado de pérdida Estado de daño No para préstamo Colección Biblioteca de origen Biblioteca actual Ubicación en estantería Fecha de adquisición Total de préstamos Signatura topográfica completa Código de barras Visto por última vez Precio de reemplazo Tipo de ítem Koha
        Libros del s. XIX Biblioteca del Ateneo de Madrid Biblioteca del Ateneo de Madrid Sala Valle Inclán 17/01/2008   D-260(3) 901171712 23/02/2023 23/02/2023 Libro impreso antiguo